000 02851cam a22005174i 4500
003 PE-LiUPU
005 20250731173335.0
008 150706s r 000 0 d
020 _a9780802828460
035 _a(Sirsi) i9780802828460
035 _a(Sirsi) i9780802828460
040 _aPE-LiUPU
_bspa
_cPE-LiUPU
_erda
049 _aPRUA
082 0 4 _a225.6
_bP73
_221
100 1 _aPorter, Stanley,
_eautor.
245 1 0 _aHearing the Old Testament in the New Testament /
_cStanley E. Porter.
264 1 _aGrand Rapides, Michigan :
_bWilliam B. Eerdemans Publishing,
_c2006.
300 _a316 páginas ;
_c23 centímetros
336 _atext
_2rdacontent
337 _aunmediated
_2rdamedia
338 _avolume
_2rdacarrier
505 0 _aThe Use of the Old Testament in the New Testament as a Rhetorical Device -- Biblical Texts and the Scriptures for the New Testament Church -- Scripture, History, Messiah: Scriptural Fulfillment and the Fullness of Time in Matthew's Gospel -- The Beginning of the Good News and the Fulfillment of Scripture in the Gospel of Mark -- Scripture Justifies Mission: The Use of the Old Testament in Luke-Acts.-"They Saw His Glory and Spoke of Him": The Gospel of John and the Old Testament -- Paul Miller -- Written Also for Our Sake: Paul's Use of Scripture in the Four Major Epistles, with a Study of 1 Corinthians -- In the Face of the Empire: Paul's Use of Scripture in the Shorter Epistles Job as Exemplar in the Epistle of James -- The Use of Scripture in the Pastoral and General Epistles andthe Book of Revelation -Hearing the Old Testament through the New: A Response.
526 _aSEG42
526 _aSEG41
526 _aSEG40
526 _aSEG39
526 _aP94
526 _aP87
526 _aP86
526 _aP85
526 _aP77
526 _aP76
526 _aP35
541 _g1057695742-4939426;
630 _aBiblia.
_pA.T.
_xCitas en el Nuevo Testamento.
630 _aBiblia.
_pN.T.
_xRelación con el Antiguo Testamento.
910 _bng
_cng
_d20090310
942 _2ddc
_cBOOK
949 _a225.6 P73
_wDEWEY
_c1
_i59403
_d2016-6-28
_e2016-6-19
_lCCODEBUL1
_mBUL
_n4
_p19.00
_r0
_sY
_tBOOK
_u2015-7-6
_xTEOLOGIA
_zUNKNOWN
_o.STAFF. Colección General
949 _a225.6 P73
_wDEWEY
_c1
_i59788
_lCCODEBUL1
_mBUL
_p20.00
_r0
_sY
_tBOOK
_u2016-8-22
_xTEOLOGIA
_PP35
_0COMPRA
_o.STAFF. Colección General
994 _aC0
_bPEPRU
596 _a1
999 _a225.6 P73
_wDEWEY
_c48989
_i59403
_d48989
_e2016-6-19
_lLOST
_mBUL
_n4
_p19.00
_r1
_sY
_tBOOK
_u2015-7-6
_xTEOLOGIA
_zUNKNOWN
_o.STAFF. Colección General
999 _a225.6 P73
_wDEWEY
_c2
_i59788
_f2021-11-9
_g3
_lCCODEBUL1
_mBUL
_p20.00
_r0
_sY
_tBOOK
_u2019-2-18
_xTEOLOGIA
_PP35
_0COMPRA
_o.STAFF. Colección Teología
980 _81
_gALBERTO SANCHEZ Responsable de Automatización